| 000 | 00530cam a2200205ua 4500 | ||
|---|---|---|---|
| 001 | 11917 | ||
| 008 | 191118n ii |||gr||||Z||||||eng | ||
| 020 | _a9789386016072 | ||
| 040 | _cMAIN | ||
| 041 | _aeng | ||
| 082 | _a820 | ||
| 100 |
_aA V Patil, _eAuthor. |
||
| 245 |
_aIntroduction to commonwealth literature _cBy A V Patil |
||
| 250 | _a1st ed. | ||
| 260 |
_aKanpur: _bChandralok prakashan, _c2016. |
||
| 300 | _a320p. | ||
| 653 | _aEnglish.& Old English literatures | ||
| 653 | _aPostcolonial literature | ||
| 942 | _cBK | ||
| 999 |
_c10705 _d10705 |
||